000 00823nam a2200265 i 4500
001 000009178
003 DO-SdBNP
005 20240412074210.0
007 ta
008 090928t1971 dr 000 p spa d
040 _aDO-SdBNP
_bspa
_cBNPHU
_erda
082 4 _aRD861.42
_bG615p, 1971
_222
100 1 _aGoico Alix, Juan,
_d1833-1918
_923848
245 1 4 _aLos poemas del insomnio y otros poemas /
_cJuan Goico Alix.
264 _aSanto Domingo :
_bCultural Dominicana,
_c1971.
300 _a196 páginas ;
_c21 cm.
336 _2rdacontent
_atexto
_btxt
337 _2rdamedia
_asin mediación
_bn
338 _2rdacarrier
_avolumen
_bnc
590 _aInventariado, 2024/BT
650 4 _aPoesía dominicana
_966
650 0 _aLiteratura dominicana.
_967
910 _aValidado. Control de calidad EMS.
942 _2ddc
_cLBS1
999 _c8941
_d8941